000 00557nam a2200169Ia 4500
008 090201s9999 xx 000 0 und d
010 _aKPL-57961
040 _bमराठी
041 _aमराठी
082 _a7465
_b57961
100 _aशरदचंद्र वाळिंबे
245 _aसौभाग्य
_cशरदचंद्र वाळिंबे
260 _c2004
_bयुनिटी प्रकाशन प्रा. लि.
300 _a220
_bमोठा
600 _aसौभाग्य
942 _cBOOK
999 _c208193
_d208193